000 00800nam a2200241 a 4500
001 71337
003 BD-RjUL
005 20211209082113.0
008 170502s1978 bg ||||| |||| 00| 0 ben d
020 _c: TK. 11.00
035 _a(BD-RjUL)71553
040 _aBD-RjUL
_bben
_cBD-RjUL
_dBD-RjUL
041 _aben
082 _223
_a891.443
_bHYB 1978
100 _aহাই, মিরজা আবদুুল
_9211106
245 _aবিস্ফোরণ /
_cমিরজা আবদুুল হাই
250 _a১ম সং.
260 _aঢাকা :
_bমুুক্তধারা,
_c১৯৭৮.
300 _a১১৯ পৃ. ;
_c২২ সেমি.
650 _aবাংলা ছোটগল্প
_9211107
650 _aBengali Short stories
_9211108
942 _2ddc
_cBK
999 _c71337
_d71337